WWE Singles Title Reigns Longer than a year - Statistics

General Stats
  • This quiz has been taken 260 times
    199 since last reset
  • The average score is 14 of 25
Answer Stats
Reign dates - (Belt in Parentheses) Answer % Correct
August 30, 2020 - Present (Universal) Roman Reigns
93%
April 2, 2017 - August 19, 2018 (Universal) Brock Lesnar
82%
November 20, 2011 - January 27, 2013 (WWE) CM Punk
81%
September 17, 2006 - October 2, 2007 (WWE) John Cena
81%
January 23, 1984 - February 5, 1988 (WWF) Hulk Hogan
78%
May 17, 1963 - January 18, 1971 (WWWF) Bruno Sammartino
77%
December 10, 1973 - April 30, 1977 (WWWF) Bruno Sammartino
77%
April 8, 2019 - April 15, 2020 (Raw Womens) Becky Lynch
75%
October 11, 2019 - October 25, 2020 (Smackdown Womens) Bayley
65%
April 1, 2016 - August 24, 2017 (NXT Womens) Asuka
61%
April 5, 2019 - August 22, 2021 (NXT UK Mens) WALTER
60%
November 7, 2017 - November 13, 2018 (WWE) AJ Styles
57%
March 27, 1988 - April 2, 1989 (WWF) Randy Savage
57%
February 8, 1986 - March 29, 1987 (Intercontinental) Randy Savage
57%
February 20, 1978 - December 26, 1983 (WWWF/WWF) Bob Backlund
55%
June 2, 1987 - August 29, 1988 (Intercontinental) Honky Tonk Man
55%
June 1, 2019 - July 8, 2020 (NXT Mens) Adam Cole
48%
May 20, 2017 - April 5, 2019 (NXT UK Mens) Pete Dunne
48%
February 8, 1971 - December 1, 1973 (WWWF) Pedro Morales
44%
November 23, 1981 - January 22, 1983 (Intercontinental) Pedro Morales
44%
April 2, 2022 - May 27, 2023 (Raw Womens) Bianca Belair
38%
September 18, 1956 - July 23, 1984 (WWF/NWA Womens) The Fabulous Moolah
38%
October 28, 2018 - December 18, 2019 (NXT Womens) Shayna Baszler
33%
August 31, 2019 - June 10, 2021 (NXT UK Womens) Kay Lee Ray
23%
January 22, 1983 - February 11, 1984 (Intercontinental) Don Muraco
19%
No matching quizzes found
Score Distribution
Percent of People with Each Score
Percentile by Number Answered
Your Score History
You have not taken this quiz since the last reset